Теорія фінансів (Запис № 307520)

МАРК-запис
000 -LEADER
fixed length control field 00689nam a22002657a 4500
001 - CONTROL NUMBER
control field 21325
003 - CONTROL NUMBER IDENTIFIER
control field UA-OsUOA
005 - DATE AND TIME OF LATEST TRANSACTION
control field 20200504165717.0
007 - PHYSICAL DESCRIPTION FIXED FIELD--GENERAL INFORMATION
fixed length control field ta
008 - FIXED-LENGTH DATA ELEMENTS--GENERAL INFORMATION
fixed length control field 20031127b un ||||| |||| 00| 0 ukr d
020 ## - INTERNATIONAL STANDARD BOOK NUMBER
International Standard Book Number 966-95321-5-9
040 ## - CATALOGING SOURCE
Original cataloging agency UA-OsUOA
Language of cataloging ukr
Transcribing agency UA-OsUOA
Modifying agency UA-OsUOA
041 ## - LANGUAGE CODE
Language code of text/sound track or separate title ukr
044 ## - COUNTRY OF PUBLISHING/PRODUCING ENTITY CODE
MARC country code UA
080 ## - UNIVERSAL DECIMAL CLASSIFICATION NUMBER
Universal Decimal Classification number 336.01(075.8)
090 ## - LOCALLY ASSIGNED LC-TYPE CALL NUMBER (OCLC); LOCAL CALL NUMBER (OCLC)
Classification number (OCLC) (R) ; Classification number, CALL (RLIN) (NR) 336.01(075.8)
Local cutter number (OCLC) ; Book number/undivided call number, CALL (RLIN) В19
100 ## - MAIN ENTRY--PERSONAL NAME
Personal name Василик О.Д.
245 ## - TITLE STATEMENT
Title Теорія фінансів
Remainder of title Підручник
260 ## - PUBLICATION, DISTRIBUTION, ETC. (IMPRINT)
Place of publication, distribution, etc Київ
Name of publisher, distributor, etc НІОС
Date of publication, distribution, etc 2000
300 ## - PHYSICAL DESCRIPTION
Extent 416 с.
650 #7 - SUBJECT ADDED ENTRY--TOPICAL TERM
Source of heading or term UDC
942 ## - ADDED ENTRY ELEMENTS (KOHA)
Koha item type Книги
Source of classification or shelving scheme Universal Decimal Classification
955 ## - COPY-LEVEL INFORMATION (RLIN)
Classification number, CCAL (RLIN) інше
Фонди
Withdrawn status Lost status Source of classification or shelving scheme Damaged status Not for loan Home library Current library Date acquired Cost, normal purchase price Inventory number Total Checkouts Full call number Barcode Date last seen Price effective from Koha item type Date checked out
    Universal Decimal Classification     ЧЗ - Читальна зала ЧЗ - Читальна зала 27/11/2003 35.15 65692   336.01(075.8) В19 65692 07/02/2022 27/11/2003 Книги  
    Universal Decimal Classification     ЧЗ - Читальна зала ЧЗ - Читальна зала 27/11/2003 35.15 65695   336.01(075.8) В19 65695 07/02/2022 27/11/2003 Книги  
    Universal Decimal Classification     ЧЗ - Читальна зала ЧЗ - Читальна зала 03/03/2006   65691   336.01(075.8) В19 65691 07/02/2022 30/08/2005 Книги  
    Universal Decimal Classification     ЧЗ - Читальна зала ЧЗ - Читальна зала 30/08/2005   65694   336.01(075.8) В19 65694 07/02/2022 30/08/2005 Книги  
    Universal Decimal Classification     ЧЗ - Читальна зала ЧЗ - Читальна зала 31/08/2005   65690   336.01(075.8) В19 65690 07/02/2022 31/08/2005 Книги  
    Universal Decimal Classification     ЧЗ - Читальна зала ЧЗ - Читальна зала 14/09/2022     1 336.01(075.8) В19 90208 19/12/2025 14/09/2023 Книги 10/09/2025